00493nam a2200169 a 4500008004100000020001500041050001400056100002000070245008400090250001200174260004300186300002400229350000900253490002500262650001200287650002400299110909s1991 ||||||||||||||||| || u a083851426X aRD 31 CUR aWay, Lawrence W10aCurrent surgical diagnosis and treatment. (9th ed.)cedited by Way, Lawrence W. a9th ed. aConnecticut:bAppleton and Langec1991 axviii, 1359p.: ill. a0.00 aA Lange medical book 0aSURGERY 0aDIAGNOSIS, SURGICAL